000 00945 a2200217 4500
003 Nust
005 20230504134858.0
010 _a 75015116
020 _a0399115633 :
040 _cNust
082 0 0 _a978,ADA
100 1 _aAdams, Alexander B.
_9112128
245 1 0 _aSunlight and storm :
_bThe great American plains /
_cAlexander B. Adams.
260 _aNew York :
_bPutnam,
_cc1977.
300 _a479 p., [12] leaves of plates :
_bill. ;
_c28 cm.
505 _aPART-1: 1528-1803 From the Discovery of the Great Plains by Europeans Through the Louisiana Purchase (Page-35), PART-2: 1804-1848 From the Lewis and Clark Expedition Through the Mexican War (Page-97), PART-3: 1848-1892 From the Gold Rush to the End of the Frontier (Page-267).
650 0 _aIndians of North America
_zGreat Plains.
_9112129
651 0 _aGreat Plains
_xHistory.
_9112130
651 0 _aUnited States
_xTerritorial expansion.
_9112131
942 _2ddc
_cBK
_k978,ADA
999 _c186767
_d186767